| 000 | 00666cam a2200205 4500 | ||
|---|---|---|---|
| 001 | WB3603-06 | ||
| 008 | 000000n2000 000 0 eng u | ||
| 035 | _a(Sirsi) u103678 | ||
| 245 | _aFrankfurt's rents hit new high | ||
| 260 | _c2000 | ||
| 490 |
_aSunday Business _v16 January 2000, 14(1) |
||
| 520 | _aRents in Frankfurt are continuing to rise, and have now reached as much as £29 per square metre, nearly as much as at their peak in 1992. Graph. | ||
| 590 | _aWB | ||
| 650 | _aFRANKFURT | ||
| 650 | _aRENTAL LEVELS | ||
| 650 | _aOFFICE RENTS | ||
| 650 | _aGERMANY | ||
| 690 | _aPROPERTY-COMMERCIAL PROPERTY-COMMERCIAL PROPERTY MARKET | ||
| 942 | _n0 | ||
| 999 |
_c62255 _d62255 |
||